00799nem a2200217 u 450000500170000000800410001704000250005804100080008304400070009111000820009824502410018025500120042126000250043330000320045865000180049065000150050865000200052365000130054365000140055665000110057020200104041743.0160506b2002 c ||||| |a|| 00| 0 spa d aCO-BoIAVHcCO-BoIAVH aspa ack2 aInstituto de Investigación de recursos biológicos Alexander Von Humboldt.1 aCobertura vegetal de la Microcuenca de ChinabProyecto mecanismo de manejo colectivo de los bienes y servicios de la Microcuenca de Chaina- Villa de LeyvacUnidad de sistemas de información Geográfica UNISIGh[Material Cartografico] a1:5.000 aBogotábIAvHc2002 a1 mapabcolor c91 x 70 cm 16aHidrografía16aCarreteras16aInfraestructura16aBosques 16aCultivos 14aPastos